[Event "O pohar mesta Klatov C - memorial Jarom"]
[Site "Klatovy, Czech Republic"]
[Date "2025.06.30"]
[Round "3.1"]
[White "Korsa, Jindrich"]
[Black "Kopta, Pavel"]
[Result "0-1"]
[WhiteElo "2021"]
[BlackElo "2199"]
[PlyCount "77"]
[EventDate "2025.??.??"]

1. e4 {[%emt 0:00:02]} c5 {[%emt 0:00:18]} 2. c3 {[%emt 0:00:14]} d5 {
[%emt 0:00:40]} 3. exd5 {[%emt 0:00:26]} Qxd5 {[%emt 0:00:10]} 4. d4 {
[%emt 0:00:21]} Nf6 {[%emt 0:00:19]} 5. Nf3 {[%emt 0:00:58]} Bg4 {
[%emt 0:00:42]} 6. Nbd2 {[%emt 0:01:14]} cxd4 {[%emt 0:03:55]} 7. Bc4 {
[%emt 0:01:25]} Qd7 {[%emt 0:08:30]} 8. Qb3 {[%emt 0:02:06]} e6 {[%emt 0:02:43]
} 9. Bb5 {[%emt 0:17:52]} Nc6 {[%emt 0:00:13]} 10. Ne5 {[%emt 0:00:16]} Qc7 {
[%emt 0:01:10]} 11. Ndc4 {[%emt 0:03:12]} Bd6 {[%emt 0:06:50]} 12. Nxd6+ {
[%emt 0:07:50]} Qxd6 {[%emt 0:00:36]} 13. Bf4 {[%emt 0:00:47]} O-O {
[%emt 0:01:41]} 14. Nxc6 {[%emt 0:11:23]} Qxf4 {[%emt 0:01:07]} 15. Nxd4 {
[%emt 0:00:09]} Qe5+ {[%emt 0:23:57]} 16. Be2 {[%emt 0:02:08]} Bxe2 {
[%emt 0:07:55]} 17. Nxe2 {[%emt 0:00:02]} Rad8 {[%emt 0:03:33]} 18. Rd1 {
[%emt 0:04:04]} Qe4 {[%emt 0:07:18]} 19. f3 {[%emt 0:04:11]} Qe3 {
[%emt 0:01:45]} 20. c4 {[%emt 0:00:32]} Qc5 {[%emt 0:00:39]} 21. Rc1 {
[%emt 0:21:08]} Rd7 {[%emt 0:05:11]} 22. Qc3 {[%emt 0:06:16]} a5 {
[%emt 0:01:52]} 23. a3 {[%emt 0:00:55]} a4 {[%emt 0:02:55]} 24. Qb4 {
[%emt 0:01:24]} Qe3 {[%emt 0:01:23]} 25. Rc3 {[%emt 0:02:00]} Qd2+ {
[%emt 0:02:20]} 26. Kf2 {[%emt 0:00:28]} Rfd8 {[%emt 0:02:39]} 27. Rhc1 {
[%emt 0:00:30]} Qh6 {[%emt 0:02:26]} 28. Qxa4 {[%emt 0:08:14]} Qxh2 {
[%emt 0:02:31]} 29. c5 {[%emt 0:00:55]} Qe5 {[%emt 0:02:44]} 30. R1c2 {
[%emt 0:02:02]} g5 {[%emt 0:01:40]} 31. Re3 {[%emt 0:03:36]} Qf5 {
[%emt 0:00:54]} 32. g4 {[%emt 0:01:39]} Nxg4+ {[%emt 0:01:19]} 33. Qxg4 {
[%emt 0:01:18]} Qxc2 {[%emt 0:00:13]} 34. Qxg5+ {[%emt 0:00:02]} Kf8 {
[%emt 0:02:12]} 35. b4 {[%emt 0:04:25]} Rd5 {[%emt 0:06:10]} 36. Qh6+ {
[%emt 0:04:03]} Ke7 {[%emt 0:04:39]} 37. Re4 {[%emt 0:00:53]} Rf5 {
[%emt 0:01:03]} 38. Kg3 {[%emt 0:04:54]} Rg8+ {[%emt 0:00:57]} 39. Kh3 {
[%emt 0:00:11]} 0-1

[Event "O pohar mesta Klatov C - memorial Jarom"]
[Site "Klatovy, Czech Republic"]
[Date "2025.06.30"]
[Round "3.2"]
[White "Pribyl, Rene"]
[Black "Cakl, Zdenek"]
[Result "1/2-1/2"]
[WhiteElo "1905"]
[BlackElo "2155"]
[PlyCount "54"]
[EventDate "2025.??.??"]

1. d4 {[%emt 0:00:02]} d5 {[%emt 0:00:13]} 2. c4 {[%emt 0:00:03]} e6 {
[%emt 0:00:06]} 3. Nc3 {[%emt 0:00:17]} f5 {[%emt 0:00:29]} 4. Bf4 {
[%emt 0:04:21]} Nf6 {[%emt 0:01:47]} 5. e3 {[%emt 0:00:19]} Be7 {[%emt 0:00:58]
} 6. Nf3 {[%emt 0:01:40]} c6 {[%emt 0:00:58]} 7. cxd5 {[%emt 0:01:49]} exd5 {
[%emt 0:02:28]} 8. Ne5 {[%emt 0:00:44]} O-O {[%emt 0:03:36]} 9. Bd3 {
[%emt 0:01:52]} Ne4 {[%emt 0:03:59]} 10. f3 {[%emt 0:03:02]} Nxc3 {
[%emt 0:07:13]} 11. bxc3 {[%emt 0:01:23]} Nd7 {[%emt 0:03:00]} 12. Nxd7 {
[%emt 0:01:36]} Bxd7 {[%emt 0:00:41]} 13. Be5 {[%emt 0:00:42]} Bf6 {
[%emt 0:01:38]} 14. f4 {[%emt 0:00:37]} Bxe5 {[%emt 0:02:04]} 15. fxe5 {
[%emt 0:01:58]} Qg5 {[%emt 0:06:56]} 16. Qd2 {[%emt 0:01:28]} f4 {
[%emt 0:11:36]} 17. exf4 {[%emt 0:02:34]} Qxf4 {[%emt 0:02:10]} 18. Qxf4 {
[%emt 0:00:15]} Rxf4 {[%emt 0:00:05]} 19. Rf1 {[%emt 0:01:47]} Raf8 {
[%emt 0:04:28]} 20. Rxf4 {[%emt 0:00:16]} Rxf4 {[%emt 0:00:11]} 21. Ke2 {
[%emt 0:00:07]} b6 {[%emt 0:23:02]} 22. Ke3 {[%emt 0:13:39]} g5 {[%emt 0:03:14]
} 23. g3 {[%emt 0:00:59]} Rf8 {[%emt 0:00:54]} 24. c4 {[%emt 0:02:33]} Bg4 {
[%emt 0:08:12]} 25. Rf1 {[%emt 0:09:11]} Rxf1 {[%emt 0:01:36]} 26. Bxf1 {
[%emt 0:00:01]} Be6 {[%emt 0:01:57]} 27. cxd5 {[%emt 0:01:45]} Bxd5 {
[%emt 0:02:13]} 1/2-1/2

[Event "O pohar mesta Klatov C - memorial Jarom"]
[Site "Klatovy, Czech Republic"]
[Date "2025.06.30"]
[Round "3.3"]
[White "Tvrdy, Jindrich"]
[Black "Turner, Radek"]
[Result "0-1"]
[WhiteElo "1893"]
[BlackElo "2031"]
[PlyCount "94"]
[EventDate "2025.??.??"]

1. e4 {[%emt 0:03:25]} e6 {[%emt 0:00:26]} 2. d3 {[%emt 0:00:35]} d5 {
[%emt 0:00:20]} 3. Qe2 {[%emt 0:00:06]} b6 {[%emt 0:05:32]} 4. Nf3 {
[%emt 0:00:26]} Be7 {[%emt 0:01:12]} 5. g3 {[%emt 0:04:32]} Bb7 {[%emt 0:00:12]
} 6. e5 {[%emt 0:01:14]} c5 {[%emt 0:00:48]} 7. Bg2 {[%emt 0:00:30]} Nc6 {
[%emt 0:01:01]} 8. O-O {[%emt 0:00:39]} Qc7 {[%emt 0:02:38]} 9. Bd2 {
[%emt 0:13:51]} h5 {[%emt 0:03:04]} 10. h4 {[%emt 0:01:06]} Nh6 {[%emt 0:00:34]
} 11. Bxh6 {[%emt 0:06:12]} Rxh6 {[%emt 0:00:15]} 12. c3 {[%emt 0:08:15]} a5 {
[%emt 0:02:38]} 13. Nbd2 {[%emt 0:11:49]} Rh8 {[%emt 0:07:01]} 14. Rfe1 {
[%emt 0:04:17]} O-O-O {[%emt 0:06:58]} 15. Nh2 {[%emt 0:16:10]} g5 {
[%emt 0:01:16]} 16. hxg5 {[%emt 0:01:01]} Bxg5 {[%emt 0:00:14]} 17. f4 {
[%emt 0:00:11]} Be7 {[%emt 0:00:46]} 18. Bh3 {[%emt 0:04:54]} Rdg8 {
[%emt 0:00:57]} 19. Kf2 {[%emt 0:00:30]} Nd8 {[%emt 0:03:05]} 20. Rg1 {
[%emt 0:04:25]} Kb8 {[%emt 0:02:27]} 21. Ndf3 {[%emt 0:15:32]} Bc8 {
[%emt 0:09:24]} 22. Nh4 {[%emt 0:12:02]} f6 {[%emt 0:12:13]} 23. d4 {
[%emt 0:00:59]} fxe5 {[%emt 0:01:55]} 24. Qxe5 {[%emt 0:02:56]} Bd6 {
[%emt 0:00:28]} 25. Qe2 {[%emt 0:00:02]} Ka7 {[%emt 0:15:33]} 26. Bf1 {
[%emt 0:00:16]} cxd4 {[%emt 0:08:04]} 27. cxd4 {[%emt 0:00:08]} Qg7 {
[%emt 0:00:34]} 28. N2f3 {[%emt 0:02:11]} Nc6 {[%emt 0:00:47]} 29. Rd1 {
[%emt 0:01:20]} Qf6 {[%emt 0:06:29]} 30. Bh3 {[%emt 0:02:22]} Re8 {
[%emt 0:03:36]} 31. Kg2 {[%emt 0:02:38]} Rhg8 {[%emt 0:01:41]} 32. Kh1 {
[%emt 0:00:22]} Re7 {[%emt 0:03:04]} 33. Ne5 {[%emt 0:00:40]} Nd8 {
[%emt 0:03:39]} 34. Qxh5 {[%emt 0:01:25]} Rh8 {[%emt 0:00:11]} 35. Qg6 {
[%emt 0:00:13]} Bxe5 {[%emt 0:00:05]} 36. fxe5 {[%emt 0:01:28]} Qxg6 {
[%emt 0:01:06]} 37. Nxg6 {[%emt 0:00:06]} Rxh3+ {[%emt 0:00:27]} 38. Kg2 {
[%emt 0:00:08]} Reh7 {[%emt 0:00:37]} 39. Nh4 {[%emt 0:00:07]} R3xh4 {
[%emt 0:00:14]} 40. gxh4 {[%emt 0:00:10]} Rxh4 {[%emt 0:00:17]} 41. Kg3 {
[%emt 0:00:08]} Rh7 {[%emt 0:00:42]} 42. Kf4 {[%emt 0:00:32]} Nc6 {
[%emt 0:02:56]} 43. Rg8 {[%emt 0:03:26]} Kb7 {[%emt 0:01:58]} 44. Ke3 {
[%emt 0:01:42]} Bd7 {[%emt 0:01:47]} 45. a3 {[%emt 0:00:14]} Rh3+ {
[%emt 0:01:31]} 46. Kf4 {[%emt 0:00:24]} Rh4+ {[%emt 0:01:39]} 47. Ke3 {
[%emt 0:00:06]} Re4+ {[%emt 0:00:29]} 0-1

[Event "O pohar mesta Klatov C - memorial Jarom"]
[Site "Klatovy, Czech Republic"]
[Date "2025.06.30"]
[Round "3.4"]
[White "Zednik, Zdenek"]
[Black "Ondrejat, Miroslav"]
[Result "1/2-1/2"]
[WhiteElo "1877"]
[BlackElo "2012"]
[PlyCount "28"]
[EventDate "2025.??.??"]

1. c4 {[%emt 0:04:40]} e5 {[%emt 0:01:00]} 2. g3 {[%emt 0:01:16]} Nc6 {
[%emt 0:02:32]} 3. Bg2 {[%emt 0:00:20]} f5 {[%emt 0:00:12]} 4. e3 {
[%emt 0:02:07]} Nf6 {[%emt 0:03:59]} 5. Nc3 {[%emt 0:00:21]} g6 {[%emt 0:07:44]
} 6. Nge2 {[%emt 0:00:54]} Bg7 {[%emt 0:00:17]} 7. d4 {[%emt 0:03:45]} d6 {
[%emt 0:11:39]} 8. O-O {[%emt 0:18:04]} O-O {[%emt 0:02:43]} 9. b3 {
[%emt 0:09:24]} Re8 {[%emt 0:01:15]} 10. Bb2 {[%emt 0:00:38]} e4 {
[%emt 0:14:40]} 11. Qd2 {[%emt 0:03:17]} Qe7 {[%emt 0:02:44]} 12. Rac1 {
[%emt 0:03:25]} Nd8 {[%emt 0:03:45]} 13. Nf4 {[%emt 0:18:05]} c6 {
[%emt 0:03:11]} 14. h4 {[%emt 0:04:47]} Ne6 {[%emt 0:03:37]} 1/2-1/2

[Event "O pohar mesta Klatov C - memorial Jarom"]
[Site "Klatovy, Czech Republic"]
[Date "2025.06.30"]
[Round "3.5"]
[White "Sedlak, Ludek"]
[Black "Pavlicek, Petr"]
[Result "0-1"]
[WhiteElo "1937"]
[BlackElo "1879"]
[PlyCount "70"]
[EventDate "2025.??.??"]

1. e4 {[%emt 0:00:04]} e5 {[%emt 0:00:11]} 2. Nf3 {[%emt 0:00:23]} Nc6 {
[%emt 0:00:09]} 3. Bc4 {[%emt 0:00:25]} Bc5 {[%emt 0:00:18]} 4. b4 {
[%emt 0:00:19]} Bxb4 {[%emt 0:00:57]} 5. c3 {[%emt 0:00:11]} Ba5 {
[%emt 0:02:48]} 6. d4 {[%emt 0:00:25]} exd4 {[%emt 0:01:16]} 7. O-O {
[%emt 0:00:12]} d6 {[%emt 0:12:32]} 8. cxd4 {[%emt 0:01:50]} Bb6 {
[%emt 0:04:16]} 9. h3 {[%emt 0:10:13]} h6 {[%emt 0:01:11]} 10. Bb2 {
[%emt 0:06:35]} Nf6 {[%emt 0:09:48]} 11. d5 {[%emt 0:08:15]} Na5 {
[%emt 0:01:15]} 12. Bd3 {[%emt 0:00:45]} O-O {[%emt 0:00:54]} 13. Nc3 {
[%emt 0:09:23]} Re8 {[%emt 0:01:36]} 14. Re1 {[%emt 0:05:15]} c6 {
[%emt 0:00:35]} 15. Qd2 {[%emt 0:01:53]} Bd7 {[%emt 0:07:18]} 16. g4 {
[%emt 0:04:47]} Rc8 {[%emt 0:07:16]} 17. Qf4 {[%emt 0:02:14]} Bxf2+ {
[%emt 0:00:52]} 18. Kxf2 {[%emt 0:08:47]} Qb6+ {[%emt 0:00:12]} 19. Kg2 {
[%emt 0:10:57]} Qxb2+ {[%emt 0:00:12]} 20. Ne2 {[%emt 0:00:34]} Qa3 {
[%emt 0:01:12]} 21. Red1 {[%emt 0:06:02]} cxd5 {[%emt 0:04:07]} 22. e5 {
[%emt 0:01:03]} dxe5 {[%emt 0:03:11]} 23. Nxe5 {[%emt 0:00:13]} Qe7 {
[%emt 0:02:23]} 24. Nxd7 {[%emt 0:00:42]} Nxd7 {[%emt 0:01:49]} 25. Qf5 {
[%emt 0:08:03]} Nf6 {[%emt 0:01:36]} 26. Bb5 {[%emt 0:04:24]} Qe4+ {
[%emt 0:01:25]} 27. Qxe4 {[%emt 0:00:36]} Rxe4 {[%emt 0:00:09]} 28. Kf3 {
[%emt 0:00:42]} Rb4 {[%emt 0:01:36]} 29. Bd3 {[%emt 0:00:55]} Nc4 {
[%emt 0:02:44]} 30. Kf2 {[%emt 0:01:00]} Ne4+ {[%emt 0:01:42]} 31. Ke1 {
[%emt 0:01:15]} Ne5 {[%emt 0:05:22]} 32. Nf4 {[%emt 0:02:30]} Nxd3+ {
[%emt 0:01:08]} 33. Rxd3 {[%emt 0:00:26]} Nc5 {[%emt 0:03:22]} 34. Rf3 {
[%emt 0:00:32]} Rxf4 {[%emt 0:00:19]} 35. Rxf4 {[%emt 0:00:11]} Nd3+ {
[%emt 0:00:07]} 0-1

[Event "O pohar mesta Klatov C - memorial Jarom"]
[Site "Klatovy, Czech Republic"]
[Date "2025.06.30"]
[Round "3.6"]
[White "Hlavac, Rudolf"]
[Black "Pelikan, Jaromir"]
[Result "1/2-1/2"]
[WhiteElo "1923"]
[BlackElo "1876"]
[PlyCount "124"]
[EventDate "2025.??.??"]

1. e4 {[%emt 0:00:04]} c6 {[%emt 0:00:18]} 2. d4 {[%emt 0:00:13]} d5 {
[%emt 0:00:03]} 3. Nc3 {[%emt 0:00:18]} dxe4 {[%emt 0:00:07]} 4. Nxe4 {
[%emt 0:00:15]} Nd7 {[%emt 0:00:15]} 5. Bc4 {[%emt 0:00:19]} Ngf6 {
[%emt 0:00:17]} 6. Ng5 {[%emt 0:00:16]} e6 {[%emt 0:00:23]} 7. Qe2 {
[%emt 0:00:22]} Nb6 {[%emt 0:00:34]} 8. Bb3 {[%emt 0:00:34]} h6 {[%emt 0:00:17]
} 9. N5f3 {[%emt 0:01:04]} a5 {[%emt 0:00:48]} 10. a3 {[%emt 0:00:46]} c5 {
[%emt 0:01:43]} 11. Bf4 {[%emt 0:00:17]} a4 {[%emt 0:02:28]} 12. Ba2 {
[%emt 0:04:21]} Nbd5 {[%emt 0:01:18]} 13. Be5 {[%emt 0:00:13]} Bd7 {
[%emt 0:03:05]} 14. c4 {[%emt 0:04:40]} Qa5+ {[%emt 0:02:44]} 15. Nd2 {
[%emt 0:00:25]} Ne7 {[%emt 0:05:21]} 16. Ngf3 {[%emt 0:04:49]} cxd4 {
[%emt 0:01:28]} 17. Bxd4 {[%emt 0:05:09]} Nc6 {[%emt 0:03:53]} 18. Bc3 {
[%emt 0:00:20]} Qc7 {[%emt 0:01:28]} 19. O-O {[%emt 0:01:13]} Be7 {
[%emt 0:04:01]} 20. Rac1 {[%emt 0:02:17]} O-O {[%emt 0:01:42]} 21. Bb1 {
[%emt 0:01:11]} Bd6 {[%emt 0:08:11]} 22. Rfd1 {[%emt 0:04:13]} e5 {
[%emt 0:08:56]} 23. Ne4 {[%emt 0:07:04]} Nd4 {[%emt 0:20:31]} 24. Bxd4 {
[%emt 0:09:09]} exd4 {[%emt 0:02:52]} 25. Nxf6+ {[%emt 0:00:39]} gxf6 {
[%emt 0:00:12]} 26. Qd3 {[%emt 0:02:59]} f5 {[%emt 0:00:18]} 27. Qxd4 {
[%emt 0:00:16]} Bf4 {[%emt 0:01:05]} 28. Rc3 {[%emt 0:04:08]} Be6 {
[%emt 0:04:43]} 29. Qf6 {[%emt 0:02:42]} Rad8 {[%emt 0:06:29]} 30. Rf1 {
[%emt 0:00:30]} Rd6 {[%emt 0:07:52]} 31. Qh4 {[%emt 0:02:51]} Rc6 {
[%emt 0:09:22]} 32. g3 {[%emt 0:00:18]} Be5 {[%emt 0:01:09]} 33. Nxe5 {
[%emt 0:00:42]} Qxe5 {[%emt 0:00:15]} 34. Rfc1 {[%emt 0:02:21]} Kh7 {
[%emt 0:02:16]} 35. Qh3 {[%emt 0:05:01]} Rg8 {[%emt 0:02:03]} 36. Re3 {
[%emt 0:03:13]} Qf6 {[%emt 0:03:51]} 37. b4 {[%emt 0:03:49]} axb3 {
[%emt 0:01:26]} 38. Rxb3 {[%emt 0:00:17]} Qg5 {[%emt 0:02:18]} 39. Qf1 {
[%emt 0:00:45]} Rgc8 {[%emt 0:02:16]} 40. Rbc3 {[%emt 0:02:29]} Kg7 {
[%emt 0:00:27]} 41. Qd3 {[%emt 0:02:31]} Qf6 {[%emt 0:02:56]} 42. Qf3 {
[%emt 0:06:55]} R8c7 {[%emt 0:06:04]} 43. Bd3 {[%emt 0:04:51]} Rc5 {
[%emt 0:00:17]} 44. Bf1 {[%emt 0:02:24]} b5 {[%emt 0:00:47]} 45. Qf4 {
[%emt 0:02:49]} bxc4 {[%emt 0:02:40]} 46. Bg2 {[%emt 0:03:16]} Ra7 {
[%emt 0:01:26]} 47. Qd6 {[%emt 0:01:42]} Qe5 {[%emt 0:01:33]} 48. Qxe5+ {
[%emt 0:00:42]} Rxe5 {[%emt 0:00:01]} 49. Bf3 {[%emt 0:01:11]} Rea5 {
[%emt 0:00:32]} 50. Ra1 {[%emt 0:00:19]} Kf6 {[%emt 0:00:08]} 51. Re3 {
[%emt 0:01:32]} Rb5 {[%emt 0:00:40]} 52. Bd1 {[%emt 0:01:18]} Rc5 {
[%emt 0:00:10]} 53. f4 {[%emt 0:00:36]} Ke7 {[%emt 0:00:47]} 54. Bc2 {
[%emt 0:02:37]} Kd6 {[%emt 0:00:22]} 55. Rc3 {[%emt 0:00:49]} Rca5 {
[%emt 0:00:34]} 56. Kf2 {[%emt 0:00:21]} Kc5 {[%emt 0:00:04]} 57. Ke3 {
[%emt 0:00:12]} Re7 {[%emt 0:00:17]} 58. Rd1 {[%emt 0:02:42]} Bd5+ {
[%emt 0:00:43]} 59. Kf2 {[%emt 0:00:20]} Be6 {[%emt 0:00:55]} 60. Ke3 {
[%emt 0:01:17]} Bd5+ {[%emt 0:00:12]} 61. Kf2 {[%emt 0:00:11]} Be6 {
[%emt 0:00:09]} 62. Ke3 {[%emt 0:00:12]} Bd5+ {[%emt 0:00:09]} 1/2-1/2

[Event "O pohar mesta Klatov C - memorial Jarom"]
[Site "Klatovy, Czech Republic"]
[Date "2025.06.30"]
[Round "3.7"]
[White "Novotny, Jaromir"]
[Black "Zidu, Jan"]
[Result "0-1"]
[WhiteElo "1765"]
[BlackElo "1922"]
[PlyCount "54"]
[EventDate "2025.??.??"]

1. e4 {[%emt 0:00:02]} e6 {[%emt 0:00:20]} 2. d4 {[%emt 0:00:42]} d5 3. exd5 {
[%emt 0:01:30]} exd5 {[%emt 0:00:01]} 4. c4 {[%emt 0:00:26]} Nf6 {
[%emt 0:00:29]} 5. Nc3 {[%emt 0:00:20]} Bb4 {[%emt 0:06:00]} 6. a3 {
[%emt 0:00:27]} Bxc3+ {[%emt 0:00:13]} 7. bxc3 {[%emt 0:00:02]} O-O {
[%emt 0:00:57]} 8. h3 {[%emt 0:02:16]} Re8+ {[%emt 0:02:51]} 9. Be3 {
[%emt 0:01:58]} Ne4 {[%emt 0:02:00]} 10. Qb3 {[%emt 0:06:04]} Ng3 {
[%emt 0:02:50]} 11. fxg3 {[%emt 0:01:49]} Rxe3+ {[%emt 0:00:08]} 12. Kf2 {
[%emt 0:00:02]} dxc4 {[%emt 0:15:52]} 13. Bxc4 {[%emt 0:00:33]} Re7 {
[%emt 0:00:38]} 14. Nf3 {[%emt 0:00:29]} Nc6 {[%emt 0:01:34]} 15. Qc2 {
[%emt 0:05:40]} Qd6 {[%emt 0:08:39]} 16. Rhd1 {[%emt 0:08:25]} Bd7 {
[%emt 0:03:28]} 17. a4 {[%emt 0:03:25]} b6 {[%emt 0:02:05]} 18. Bd3 {
[%emt 0:06:44]} h6 {[%emt 0:05:49]} 19. c4 {[%emt 0:02:11]} Nb4 {[%emt 0:02:04]
} 20. Qc3 {[%emt 0:02:05]} Nxd3+ {[%emt 0:01:25]} 21. Rxd3 {[%emt 0:00:42]}
Rae8 {[%emt 0:04:56]} 22. Ra2 {[%emt 0:01:12]} a5 {[%emt 0:03:37]} 23. Qb3 {
[%emt 0:06:11]} Bf5 {[%emt 0:02:29]} 24. Rdd2 {[%emt 0:00:48]} Be4 {
[%emt 0:04:05]} 25. Ne5 {[%emt 0:01:37]} c5 {[%emt 0:04:46]} 26. Nf3 {
[%emt 0:00:34]} Bxf3 {[%emt 0:00:38]} 27. dxc5 {[%emt 0:00:58]} Qxc5+ {
[%emt 0:00:34]} 0-1

[Event "O pohar mesta Klatov C - memorial Jarom"]
[Site "Klatovy, Czech Republic"]
[Date "2025.06.30"]
[Round "3.8"]
[White "Navratil, Jiri"]
[Black "Berka, Lubos"]
[Result "1-0"]
[WhiteElo "1913"]
[BlackElo "1836"]
[PlyCount "65"]
[EventDate "2025.??.??"]

1. d4 {[%emt 0:00:10]} d6 {[%emt 0:00:37]} 2. e4 {[%emt 0:00:11]} Nf6 {
[%emt 0:00:12]} 3. Bd3 {[%emt 0:00:24]} g6 {[%emt 0:00:50]} 4. Nf3 {
[%emt 0:01:12]} Bg7 {[%emt 0:00:35]} 5. O-O {[%emt 0:00:15]} O-O {
[%emt 0:00:52]} 6. h3 {[%emt 0:00:12]} a5 {[%emt 0:01:54]} 7. c4 {
[%emt 0:01:45]} Na6 {[%emt 0:01:23]} 8. Nc3 {[%emt 0:01:10]} Nb4 {
[%emt 0:04:38]} 9. Bb1 {[%emt 0:05:16]} c6 {[%emt 0:00:07]} 10. a3 {
[%emt 0:00:13]} Na6 {[%emt 0:00:07]} 11. Be3 {[%emt 0:00:43]} Nc7 {
[%emt 0:02:25]} 12. Bd3 {[%emt 0:05:49]} Nd7 {[%emt 0:08:34]} 13. Qd2 {
[%emt 0:03:46]} e5 {[%emt 0:03:34]} 14. d5 {[%emt 0:16:56]} c5 {[%emt 0:07:22]}
15. b4 {[%emt 0:04:41]} f5 {[%emt 0:03:54]} 16. bxc5 {[%emt 0:02:49]} dxc5 {
[%emt 0:16:00]} 17. Bg5 {[%emt 0:10:40]} Qe8 {[%emt 0:03:08]} 18. Bh6 {
[%emt 0:05:06]} f4 {[%emt 0:08:45]} 19. Bxg7 {[%emt 0:00:12]} Kxg7 {
[%emt 0:00:08]} 20. Rab1 {[%emt 0:00:53]} Kh8 {[%emt 0:03:14]} 21. Bc2 {
[%emt 0:02:29]} g5 {[%emt 0:03:48]} 22. Ba4 {[%emt 0:04:15]} h5 {[%emt 0:06:22]
} 23. Nxg5 {[%emt 0:20:54]} Qg6 {[%emt 0:01:49]} 24. h4 {[%emt 0:00:19]} Nf6 {
[%emt 0:00:59]} 25. Rb6 {[%emt 0:03:27]} Ra6 {[%emt 0:07:10]} 26. Rfb1 {
[%emt 0:00:38]} Qg7 {[%emt 0:05:56]} 27. Rxa6 {[%emt 0:02:00]} bxa6 {
[%emt 0:02:19]} 28. Rb8 {[%emt 0:01:28]} Nh7 {[%emt 0:02:19]} 29. d6 {
[%emt 0:08:12]} Nxg5 {[%emt 0:01:53]} 30. hxg5 {[%emt 0:01:00]} Qxg5 {
[%emt 0:03:28]} 31. d7 {[%emt 0:01:26]} Rg8 {[%emt 0:04:40]} 32. f3 {
[%emt 0:00:13]} Ne6 {[%emt 0:00:58]} 33. dxc8=Q {[%emt 0:01:02]} 1-0

[Event "O pohar mesta Klatov C - memorial Jarom"]
[Site "Klatovy, Czech Republic"]
[Date "2025.06.30"]
[Round "3.9"]
[White "Sabol, Marian"]
[Black "Bazantova, Marie"]
[Result "1-0"]
[WhiteElo "2197"]
[BlackElo "1854"]
[PlyCount "93"]
[EventDate "2025.??.??"]

1. d4 Nf6 2. Nf3 e6 3. g3 d5 4. Bg2 c5 5. O-O Nc6 6. c4 Be7 7. cxd5 exd5 8.
dxc5 Bxc5 9. a3 O-O 10. b4 Bb6 11. Bb2 Ne4 12. Nbd2 Qe7 13. Nb3 Be6 14. Rc1
Rfd8 15. Nbd4 Rac8 16. Nxe6 fxe6 17. e3 a6 18. Qb3 Kh8 19. Rc2 Rf8 20. Qd3 Rcd8
21. Ne5 Nxe5 22. Bxe5 Nd6 23. Ba1 Nc4 24. e4 Qg5 25. exd5 exd5 26. Rd1 Qf5 27.
Qxf5 Rxf5 28. a4 a5 29. b5 Rdf8 30. Bd4 Rd8 31. Bxb6 Nxb6 32. Rd4 Rf7 33. Re2
Rfd7 34. h4 h6 35. Bf1 Kg8 36. Bh3 Rc7 37. Be6+ Kh8 38. Bf5 Kg8 39. Bg6 Rc4 40.
Rd1 Rxa4 41. Re6 Nc4 42. Rxd5 Rf8 43. Rd7 Ra1+ 44. Kg2 Ra2 45. Ree7 Rfxf2+ 46.
Kh3 Rh2+ 47. Kg4 1-0

[Event "O pohar mesta Klatov C - memorial Jarom"]
[Site "Klatovy, Czech Republic"]
[Date "2025.06.30"]
[Round "3.10"]
[White "Kaderabek, Jiri"]
[Black "Vachal, Josef"]
[Result "1-0"]
[WhiteElo "2045"]
[BlackElo "1845"]
[PlyCount "91"]
[EventDate "2025.??.??"]

1. Nf3 Nf6 2. c4 c5 3. d4 cxd4 4. Nxd4 g6 5. g3 Bg7 6. Bg2 O-O 7. O-O Nc6 8.
Nc3 a6 9. Nc2 Rb8 10. Rb1 d6 11. b3 Qc7 12. Bg5 e6 13. Rc1 Ne7 14. Qd2 Rd8 15.
Rfd1 Ne8 16. Nd4 b6 17. Bxe7 Qxe7 18. Nc6 Qc7 19. Qg5 Bd7 20. Nxb8 Rxb8 21. Ne4
Bc6 22. h4 Qb7 23. f3 h6 24. Qe3 Qc7 25. Kf2 Rd8 26. Nc3 Kh7 27. Rd3 Qb7 28.
Rcd1 h5 29. Qd2 Qe7 30. e4 Qf6 31. Qe3 Rb8 32. Ne2 Qb2 33. R1d2 Qa3 34. Nd4 Ba8
35. Qe2 Qc5 36. Kf1 Rd8 37. Qf2 Bh6 38. Rd1 Bg7 39. Nc2 Qc7 40. Kg1 Nf6 41. Qd2
Ne8 42. f4 Rc8 43. Qb4 Kg8 44. Ne3 Bf8 45. Qd2 a5 46. f5 1-0

[Event "O pohar mesta Klatov C - memorial Jarom"]
[Site "Klatovy, Czech Republic"]
[Date "2025.06.30"]
[Round "3.11"]
[White "Steiner, Juraj"]
[Black "Titera, Libor"]
[Result "1-0"]
[WhiteElo "1966"]
[BlackElo "1844"]
[PlyCount "54"]
[EventDate "2025.??.??"]

1. d4 c5 2. d5 Nf6 3. c4 b5 4. cxb5 a6 5. bxa6 Bxa6 6. Nc3 g6 7. e4 d6 8. Nf3
Bxf1 9. Kxf1 Bg7 10. g3 Nbd7 11. Kg2 O-O 12. a4 Ng4 13. Qc2 Qb6 14. Nd2 Rfe8
15. Ra3 Nge5 16. f4 Ng4 17. Nb5 Qd8 18. Rf3 Nb6 19. b3 Rc8 20. Nc4 Nxc4 21.
Qxc4 Qa5 22. h3 Nh6 23. Rhf1 Qb4 24. Qxb4 cxb4 25. Bd2 f5 26. e5 dxe5 27. fxe5
Bxe5 1-0

[Event "O pohar mesta Klatov C - memorial Jarom"]
[Site "Klatovy, Czech Republic"]
[Date "2025.06.30"]
[Round "3.12"]
[White "Svec, Ludek"]
[Black "Andersen, Jorgen M"]
[Result "0-1"]
[WhiteElo "1755"]
[BlackElo "1928"]
[PlyCount "60"]
[EventDate "2025.??.??"]

1. d4 d5 2. Nf3 Nf6 3. g3 c6 4. Bg2 g6 5. c4 Bg7 6. Nc3 O-O 7. O-O dxc4 8. a4
Nbd7 9. Nd2 Nd5 10. e4 Nxc3 11. bxc3 e5 12. Nxc4 exd4 13. cxd4 Nb6 14. Nxb6
axb6 15. e5 c5 16. Be3 Ra5 17. f4 Qc7 18. d5 Bd7 19. Bd2 Ra6 20. Be4 Rfa8 21.
Bc2 b5 22. a5 b4 23. d6 Qc8 24. Ba4 Bg4 25. Qc2 Rxa5 26. Rfc1 Qd8 27. Kf2 Bf5
28. Qb3 Be6 29. Qc2 c4 30. Qd1 c3 0-1

[Event "O pohar mesta Klatov C - memorial Jarom"]
[Site "Klatovy, Czech Republic"]
[Date "2025.06.30"]
[Round "3.13"]
[White "Skopec, Lubos"]
[Black "Vavrinek, Tomas"]
[Result "1/2-1/2"]
[WhiteElo "1905"]
[BlackElo "1839"]
[PlyCount "30"]
[EventDate "2025.??.??"]

1. e4 c5 2. c3 d5 3. exd5 Qxd5 4. d4 e5 5. dxe5 Qxe5+ 6. Be3 Nf6 7. Nf3 Qc7 8.
Na3 a6 9. Nc4 Nc6 10. a4 Be7 11. Be2 O-O 12. O-O Bf5 13. Qb3 Nd5 14. Rad1 Nxe3
15. Nxe3 Be6 1/2-1/2

[Event "O pohar mesta Klatov C - memorial Jarom"]
[Site "Klatovy, Czech Republic"]
[Date "2025.06.30"]
[Round "3.14"]
[White "Fiser, Jiri"]
[Black "Danek, Vaclav"]
[Result "0-1"]
[WhiteElo "1821"]
[BlackElo "1904"]
[PlyCount "96"]
[EventDate "2025.??.??"]

1. e4 e5 2. Nf3 Nc6 3. Bb5 a6 4. Ba4 Nf6 5. d3 b5 6. Bb3 Be7 7. O-O O-O 8. Nc3
d6 9. a3 Na5 10. Ba2 c5 11. Bg5 Be6 12. Bxf6 Bxf6 13. Bd5 Rc8 14. Qd2 Nc6 15.
h3 Nd4 16. Nxd4 cxd4 17. Na2 Bg5 18. Qe2 Rc5 19. c4 bxc4 20. dxc4 Bxd5 21. exd5
Qc8 22. b3 a5 23. Nc1 Rc7 24. Ra2 f5 25. f3 Be3+ 26. Kh2 e4 27. Rc2 Qe8 28. b4
Qe5+ 29. g3 f4 30. g4 d3 31. Nxd3 exd3 32. Qxd3 axb4 33. axb4 Rb8 34. Rb1 g6
35. Kg2 Qd4 36. Qe2 Ra8 37. Rd1 Qe5 38. c5 Rb8 39. Qc4 Kg7 40. c6 Qg5 41. Qc3+
Kf7 42. Rb2 Qh4 43. Qe1 Qxe1 44. Rxe1 Rb5 45. Rd1 Kf6 46. Kf1 Ke5 47. Ke2 Bd4
48. Rb3 Kxd5 0-1